fill in the lyrics but its just lana - Statistics

General Stats
  • This quiz has been taken 22 times
  • The average score is 10 of 15
Answer Stats
Hint Answer % Correct
when you ___ you know know
95%
his ________on the side makes me a sad sad girl money
95%
its one for the_____and two for the show money
95%
jimmy only love me when he wanna get______ high
85%
when im down on my_____ur how i pray knees
85%
the only thing that still fits me is this ______bathing suit black
75%
your my ______legend living
75%
im your jazz singer and ur my______leader cult
70%
my___man is a bad man old
70%
i know what only the _____know girls
45%
mosaic ceilings painted________on the walls tiles
45%
blue_______ cold cash devine hydrangea
40%
put the ____ on hold you tight in my mind radio
40%
sing me like a_____hymn bible
30%
there are_________in your eyes violets
30%
No matching quizzes found
Score Distribution
Percent of People with Each Score
Percentile by Number Answered
Your Score History
You have not taken this quiz